Entry Personal Name
Number of records used in: 1
001 - CONTROL NUMBER
003 - CONTROL NUMBER IDENTIFIER
005 - DATE AND TIME OF LATEST TRANSACTION
- control field:
20230902133829.0
008 - FIXED-LENGTH DATA ELEMENTS
- fixed length control field:
800801n| acannaab| |n aaa |||
010 ## - LIBRARY OF CONGRESS CONTROL NUMBER
- LC control number:
n 80076463
040 ## - CATALOGING SOURCE
- Original cataloging agency:
DLC
- Transcribing agency:
DLC
- Modifying agency:
DLC
- Modifying agency:
NjP
100 10 - HEADING--PERSONAL NAME
- Personal name:
Chipman, John Somerset,
- Dates associated with a name:
1926-
670 ## - SOURCE DATA FOUND
- Source citation:
His The theory of inter-sectoral money flows and income formation, 1951.
670 ## - SOURCE DATA FOUND
- Source citation:
Chipman, J. S. A two-period model ... 1984:
- Information found:
t.p. (John S. Chipman)